[Event "6. ODEM U25 2009"]
[Site "Willingen GER"]
[Date "2009.06.02"]
[Round "4"]
[White "Polert, Jesper"]
[Black "Michels, Till"]
[Result "1/2-1/2"]
[Termination "normal"]
[Board "55"]
[WhiteElo "779"]
[BlackElo "968"]
[PlyCount "52"]
[EventCountry "GER"]
[EventRounds "9"]
[EventType "swiss"]
[EventDate "2009.05.30"]

1. e4 e5 2. Nf3 Nc6 3. Bc4 Nf6 4. d3 d5 5. exd5 Nxd5 6. Bxd5 Qxd5 7. Nc3 Qe6 8.
Ng5 Qg6 9. Nd5 Bd6 10. c3 h6 11. Ne4 O-O 12. Nxd6 Qxg2 13. Rf1 Qxd5 14. Nxc8
Raxc8 15. Rg1 Qd7 16. Bxh6 Rfd8 17. Rxg7+ Kf8 18. Rh7+ Ke7 19. Bg5+ Kd6 20.
Bxd8 Rxd8 21. Rh6+ Ke7 22. Rh7 Qxd3 23. Rg7 Qe4+ 24. Qe2 Qh1+ 25. Qf1 Qe4+ 26.
Qe2 Qh1+ 1/2-1/2

[Event "6. ODEM U25 2009"]
[Site "Willingen GER"]
[Date "2009.06.02"]
[Round "5"]
[White "Figura, Atila Gajo"]
[Black "Coenen, Michael"]
[Result "1-0"]
[Termination "normal"]
[Board "1"]
[WhiteTitle "FM"]
[WhiteElo "2417"]
[BlackElo "2260"]
[PlyCount "107"]
[WhiteFideId "4688058"]
[BlackFideId "4697367"]
[EventCountry "GER"]
[EventRounds "9"]
[EventType "swiss"]
[EventDate "2009.05.30"]

1. d4 Nf6 2. c4 e6 3. Nc3 d5 4. cxd5 exd5 5. Bg5 c6 6. e3 Be7 7. Bd3 Nbd7 8.
Nge2 Nf8 9. O-O Ne6 10. Bh4 g6 11. f3 O-O 12. Qc2 c5 13. dxc5 Nxc5 14. Rad1
Nxd3 15. Qxd3 Be6 16. Nd4 Nd7 17. Bxe7 Qxe7 18. b3 Rac8 19. Nce2 Ne5 20. Qd2
Nc6 21. Rc1 Rfe8 22. Rc3 Nxd4 23. Qxd4 Rxc3 24. Nxc3 Rc8 25. Rc1 Qa3 26. Rc2
Qc5 27. Qxc5 Rxc5 28. Rc1 Kf8 29. Kf2 Ke8 30. g4 b6 31. Ke2 h6 32. Kd3 Kd7 33.
Kd4 f6 34. h4 a6 35. Rg1 Kd6 36. a4 Kc6 37. f4 Kd6 38. g5 fxg5 39. fxg5 h5 40.
e4 b5 41. e5+ Kc6 42. axb5+ axb5 43. Rf1 b4 44. Na4 Rc2 45. Rf6 Rd2+ 46. Ke3
Rh2 47. Rxe6+ Kb5 48. Rb6+ Ka5 49. Rxg6 Rxh4 50. Nc5 Kb5 51. Nd3 Re4+ 52. Kd2
h4 53. Rh6 Rg4 54. e6 1-0

[Event "6. ODEM U25 2009"]
[Site "Willingen GER"]
[Date "2009.06.02"]
[Round "5"]
[White "Zhou, Syang"]
[Black "Siebarth, Raiko"]
[Result "1-0"]
[Termination "normal"]
[Board "2"]
[WhiteElo "2090"]
[BlackElo "2246"]
[PlyCount "71"]
[WhiteFideId "24636126"]
[BlackFideId "4674766"]
[EventCountry "GER"]
[EventRounds "9"]
[EventType "swiss"]
[EventDate "2009.05.30"]

1. e4 c5 2. Nf3 d6 3. d4 cxd4 4. Nxd4 Nf6 5. Nc3 a6 6. h3 e5 7. Nde2 b5 8. g4
Bb7 9. Bg2 b4 10. Nd5 Nxd5 11. exd5 Be7 12. Ng3 g6 13. O-O Nd7 14. a3 bxa3 15.
Rxa3 O-O 16. Bh6 Re8 17. Be3 Bg5 18. Ne4 Be7 19. g5 Rb8 20. c4 Nc5 21. Qd2 Nxe4
22. Bxe4 Qc8 23. Qe2 f5 24. gxf6 Bxf6 25. Kg2 Qc7 26. Rb3 Bc8 27. Rxb8 Qxb8 28.
Qc2 Bd7 29. b4 Qxb4 30. Rb1 Qa5 31. Bxg6 Qc7 32. Bxe8 Bxe8 33. Qf5 Bg6 34. Qxf6
Bxb1 35. Bh6 Be4+ 36. Kh2 1-0

[Event "6. ODEM U25 2009"]
[Site "Willingen GER"]
[Date "2009.06.02"]
[Round "5"]
[White "Adelhütte, Dennis"]
[Black "Sievers, Andy"]
[Result "1-0"]
[Termination "normal"]
[Board "4"]
[WhiteElo "1712"]
[BlackElo "1953"]
[PlyCount "202"]
[WhiteFideId "4661265"]
[BlackFideId "24607908"]
[EventCountry "GER"]
[EventRounds "9"]
[EventType "swiss"]
[EventDate "2009.05.30"]

1. e4 g6 2. d4 Bg7 3. f4 d6 4. Nf3 Nd7 5. Bc4 Nb6 6. Bb3 e6 7. O-O Ne7 8. Be3
d5 9. e5 Nf5 10. Qe2 Bd7 11. Nbd2 O-O 12. c4 dxc4 13. Nxc4 Bb5 14. Rfc1 Nd5 15.
Bd2 h5 16. Qf2 Bxc4 17. Bxc4 c6 18. Bxd5 Qxd5 19. Rc5 Qd7 20. Rac1 Rfd8 21. Be3
Bf8 22. R5c4 Be7 23. Qe2 Qd5 24. Bf2 Qa5 25. a3 Qb5 26. R4c2 Rd5 27. Qxb5 Rxb5
28. h3 h4 29. Nh2 Rd8 30. Rd1 Rbd5 31. Nf3 Kg7 32. Rcd2 a5 33. Rc2 Rb5 34. Rdc1
Rdd5 35. Kf1 Rb3 36. Nd2 Rbb5 37. Nf3 Kf8 38. Rd2 Rb3 39. Rcc2 Ke8 40. Rd1 Kd7
41. Nd2 Rb6 42. Ne4 c5 43. Nc3 Rxd4 44. Bxd4 cxd4 45. Ke2 Rb3 46. Rd3 Ng3+ 47.
Kf3 Bc5 48. Rcd2 Nf1 49. Rd1 Nh2+ 50. Kf2 Rxb2+ 51. Kg1 Bxa3 52. Rxd4+ Kc6 53.
Rc4+ Bc5+ 54. Kxh2 b6 55. Na4 Rb4 56. Rxb4 Bxb4 57. Rc1+ Kb5 58. Nb2 Bd2 59.
Rb1 Bxf4+ 60. Kg1 Kc6 61. Nc4 Kc5 62. Nxb6 Kd4 63. Nd7 Kc3 64. Rf1 Be3+ 65. Kh1
a4 66. Rf3 Kd2 67. Rf1 Kc2 68. Re1 Bd2 69. Ra1 Kb3 70. Nc5+ Kb4 71. Nxa4 Bf4
72. Re1 Kb5 73. Re4 g5 74. Nc3+ Kc5 75. Ne2 Kd5 76. Nc3+ Kc5 77. Re1 Kc4 78.
Ne4 Kd4 79. Nd6 Bg3 80. Re4+ Kd5 81. Rg4 f6 82. Nf7 Bxe5 83. Nxe5 Kxe5 84. Kg1
Kf5 85. Kf2 Kg6 86. Ra4 Kf5 87. Kf3 Ke5 88. g4 hxg3 89. Kxg3 f5 90. Kf3 Kd5 91.
Ra5+ Kd4 92. Ra6 Kd5 93. Ra8 Ke5 94. Ke3 Kf6 95. Kf3 e5 96. Ra6+ Kg7 97. Kg3 e4
98. h4 f4+ 99. Kg4 f3 100. hxg5 f2 101. Ra1 Kg6 1-0

[Event "6. ODEM U25 2009"]
[Site "Willingen GER"]
[Date "2009.06.02"]
[Round "5"]
[White "Wagner, Florian"]
[Black "Seidler, Lukas"]
[Result "1-0"]
[Termination "normal"]
[Board "5"]
[WhiteTitle "FM"]
[WhiteElo "2302"]
[BlackElo "1805"]
[PlyCount "45"]
[WhiteFideId "4698118"]
[BlackFideId "12900095"]
[EventCountry "GER"]
[EventRounds "9"]
[EventType "swiss"]
[EventDate "2009.05.30"]

1. d4 Nf6 2. g3 d5 3. Bg2 c6 4. Nf3 Bf5 5. O-O e6 6. c4 Bd6 7. Nc3 Nbd7 8. Nd2
g5 9. e4 dxe4 10. Ndxe4 Nxe4 11. Nxe4 Bxe4 12. Bxe4 Qf6 13. b4 h5 14. c5 Bc7
15. b5 Nxc5 16. dxc5 Qxa1 17. bxc6 b6 18. Qd7+ Kf8 19. cxb6 Qe5 20. Qxc7 Qxc7
21. bxc7 Rc8 22. Ba3+ Ke8 23. Rb1 1-0

[Event "6. ODEM U25 2009"]
[Site "Willingen GER"]
[Date "2009.06.02"]
[Round "5"]
[White "Kyas, Marcel"]
[Black "Müller, Denis"]
[Result "1-0"]
[Termination "normal"]
[Board "6"]
[WhiteElo "2106"]
[BlackElo "1934"]
[PlyCount "101"]
[WhiteFideId "24642037"]
[BlackFideId "4696140"]
[EventCountry "GER"]
[EventRounds "9"]
[EventType "swiss"]
[EventDate "2009.05.30"]

1. d4 Nf6 2. c4 g6 3. Nc3 Bg7 4. Nf3 O-O 5. Bg5 d6 6. e3 h6 7. Bh4 Nbd7 8. Be2
c6 9. O-O e5 10. dxe5 dxe5 11. Qc2 Qc7 12. b4 a5 13. a3 Rd8 14. Rfd1 axb4 15.
axb4 Rxa1 16. Rxa1 Nf8 17. Rd1 Rxd1+ 18. Qxd1 g5 19. Bg3 Nh5 20. Nd2 Nxg3 21.
hxg3 f5 22. c5 Be6 23. Bc4 e4 24. Ne2 Qd7 25. Qc2 Bxc4 26. Nxc4 Qd3 27. Qxd3
exd3 28. Nc1 d2 29. Nxd2 Bc3 30. Nc4 Bxb4 31. Nd3 Bc3 32. Nd6 Nd7 33. Nxb7 Bg7
34. Nd6 Bf8 35. Nxf5 Kh7 36. Nd4 Nxc5 37. Nxc5 Bxc5 38. Nxc6 Kg6 39. Kf1 Kf5
40. Ke2 Ke4 41. Na5 Kd5 42. Kd3 Bb4 43. e4+ Ke6 44. Nc6 Be1 45. Nd4+ Kf6 46.
Ke3 g4 47. Nc2 Ba5 48. Kf4 h5 49. e5+ Ke6 50. Kg5 Bb6 51. Ne3 1-0

[Event "6. ODEM U25 2009"]
[Site "Willingen GER"]
[Date "2009.06.02"]
[Round "5"]
[White "Gölz, Daniel"]
[Black "Thananbalasingam, Ajandhan"]
[Result "1-0"]
[Termination "normal"]
[Board "7"]
[WhiteElo "2058"]
[BlackElo "1926"]
[PlyCount "119"]
[WhiteFideId "24626325"]
[EventCountry "GER"]
[EventRounds "9"]
[EventType "swiss"]
[EventDate "2009.05.30"]

1. e4 c5 2. c3 d5 3. exd5 Qxd5 4. d4 g6 5. dxc5 Qxc5 6. Be3 Qc7 7. Bb5+ Nd7 8.
Nf3 Bg7 9. Qe2 a6 10. Ba4 b5 11. Bb3 Bb7 12. O-O Nh6 13. Bd4 Bxd4 14. cxd4 O-O
15. Nc3 Nf6 16. h3 Nf5 17. Rfd1 Rad8 18. Qe5 Qb6 19. d5 Nd7 20. Qf4 Qd6 21.
Qxd6 Nxd6 22. Nd4 Nb6 23. Nc6 Bxc6 24. dxc6 Rc8 25. Nd5 Nxd5 26. Bxd5 Rc7 27.
a4 Rfc8 28. b3 Kf8 29. Bf3 h5 30. axb5 axb5 31. Ra6 Rd8 32. Rda1 e6 33. Rb6 Ke7
34. Raa6 Kf6 35. b4 Ke5 36. Be2 Rdc8 37. Bxb5 Nxb5 38. Rxb5+ Kd6 39. Rb7 Rxc6
40. Rxc6+ Rxc6 41. Rxf7 Rb6 42. Rg7 Rxb4 43. Rxg6 Rb5 44. Kh2 Ke7 45. h4 Rb8
46. Rg5 Rh8 47. Kg3 Kf6 48. Kf3 Rh7 49. g3 e5 50. Ke4 Rb7 51. Rxh5 Rb4+ 52. Kf3
Rb3+ 53. Kg2 Rb2 54. Rh6+ Kf5 55. Rh8 Kf6 56. Re8 Rc2 57. g4 Rc4 58. Kf3 Rc2
59. Kg3 Rc4 60. h5 1-0

[Event "6. ODEM U25 2009"]
[Site "Willingen GER"]
[Date "2009.06.02"]
[Round "5"]
[White "Nehls, Benedikt"]
[Black "Erben, Larissa"]
[Result "0-1"]
[Termination "normal"]
[Board "8"]
[WhiteElo "1836"]
[BlackElo "2040"]
[PlyCount "52"]
[WhiteFideId "24656771"]
[BlackFideId "24634590"]
[EventCountry "GER"]
[EventRounds "9"]
[EventType "swiss"]
[EventDate "2009.05.30"]

1. d4 d5 2. c4 e6 3. Nf3 c6 4. Nc3 dxc4 5. e4 b5 6. Be2 Bb4 7. O-O Nf6 8. Bg5
h6 9. Bxf6 Qxf6 10. d5 Bxc3 11. bxc3 exd5 12. exd5 O-O 13. Nd4 Rd8 14. Bf3 Bb7
15. Qe2 a6 16. dxc6 Nxc6 17. Nxc6 Bxc6 18. Bxc6 Qxc6 19. a4 Rd3 20. axb5 Qxb5
21. Rfb1 Qd5 22. Qe7 Rxc3 23. Rb7 Rd3 24. h3 c3 25. Ra5 c2 26. Rxd5 c1=Q+ 0-1

[Event "6. ODEM U25 2009"]
[Site "Willingen GER"]
[Date "2009.06.02"]
[Round "5"]
[White "Kropman, Alexei"]
[Black "Wurm, Alexander"]
[Result "0-1"]
[Termination "normal"]
[Board "9"]
[WhiteElo "1964"]
[BlackElo "2055"]
[PlyCount "66"]
[WhiteFideId "24670723"]
[BlackFideId "24637246"]
[EventCountry "GER"]
[EventRounds "9"]
[EventType "swiss"]
[EventDate "2009.05.30"]

1. e4 e6 2. d4 d5 3. Nc3 Nf6 4. Bd3 c5 5. Nf3 Nc6 6. exd5 exd5 7. dxc5 Bxc5 8.
O-O O-O 9. Bg5 Be6 10. h3 Be7 11. Re1 Qb6 12. Qd2 Rad8 13. Bxf6 Bxf6 14. Ng5
Bxg5 15. Qxg5 Qxb2 16. Ne2 h6 17. Qg3 Qf6 18. Rab1 Bc8 19. Nf4 Qd6 20. Rbd1 g5
21. Nh5 Qxg3 22. Nf6+ Kg7 23. Nh5+ Kh8 24. fxg3 f5 25. h4 Rfe8 26. hxg5 hxg5
27. Kf2 Nb4 28. Rh1 Re5 29. Bc4 Nxc2 30. Nf6+ Kg7 31. Nxd5 Be6 32. Bb3 Rexd5
33. Bxc2 Rxd1 0-1

[Event "6. ODEM U25 2009"]
[Site "Willingen GER"]
[Date "2009.06.02"]
[Round "5"]
[White "Müller, Philipp"]
[Black "Tschlatscher, Thomas"]
[Result "0-1"]
[Termination "normal"]
[Board "10"]
[WhiteElo "1870"]
[BlackElo "1983"]
[PlyCount "112"]
[WhiteFideId "24683701"]
[BlackFideId "24635863"]
[EventCountry "GER"]
[EventRounds "9"]
[EventType "swiss"]
[EventDate "2009.05.30"]

1. e4 Nc6 2. Nf3 d5 3. exd5 Qxd5 4. Nc3 Qa5 5. d4 Bg4 6. Be2 O-O-O 7. Be3 e6 8.
O-O Nf6 9. a3 Qf5 10. Qd2 Bxf3 11. Bxf3 Nxd4 12. Bxd4 e5 13. Nb5 exd4 14. Qa5
Qc5 15. b4 Qb6 16. Nxa7+ Kb8 17. Qxb6 cxb6 18. Nb5 d3 19. Rfd1 d2 20. g3 g6 21.
c4 Bh6 22. Kf1 Rhe8 23. Be2 Ne4 24. Ra2 Re5 25. Rc2 Rde8 26. Bg4 f5 27. f4 fxg4
28. fxe5 Rf8+ 29. Ke2 Rf3 30. Ra2 Bg5 31. Raa1 Re3+ 32. Kf1 Rf3+ 33. Ke2 Re3+
34. Kf1 h5 35. Kg1 Kc8 36. Nd6+ Nxd6 37. exd6 Rc3 38. Kf2 Rxc4 39. Ra2 Kd7 40.
Ke2 Kxd6 41. Kd3 Kd5 42. Rc2 Rd4+ 43. Ke2 Re4+ 44. Kf1 Kd4 45. Rc8 Kd3 46. Rc7
Re8 47. Ra1 Rf8+ 48. Kg2 Be3 49. Rxb7 Rf2+ 50. Kh1 Ke2 51. Rd7 Rf1+ 52. Rxf1
Kxf1 53. a4 Ke2 54. a5 bxa5 55. bxa5 d1=R+ 56. Kg2 Rg1# 0-1

[Event "6. ODEM U25 2009"]
[Site "Willingen GER"]
[Date "2009.06.02"]
[Round "5"]
[White "Klippel, Jan"]
[Black "Höpfner, Tim"]
[Result "1-0"]
[Termination "normal"]
[Board "11"]
[WhiteElo "2035"]
[BlackElo "1824"]
[PlyCount "69"]
[WhiteFideId "24642215"]
[BlackFideId "4638310"]
[EventCountry "GER"]
[EventRounds "9"]
[EventType "swiss"]
[EventDate "2009.05.30"]

1. c4 Nf6 2. g3 g6 3. Bg2 Bg7 4. e4 d6 5. Ne2 O-O 6. O-O e5 7. d4 Nfd7 8. Nbc3
Kh8 9. Be3 a5 10. Qd2 Nb6 11. b3 a4 12. Nd5 Nxd5 13. cxd5 f5 14. Nc3 axb3 15.
axb3 Rxa1 16. Rxa1 Qf6 17. Nb5 Na6 18. Rc1 f4 19. dxe5 dxe5 20. gxf4 exf4 21.
Bd4 Qe7 22. f3 g5 23. Qc3 Rf7 24. Bxg7+ Rxg7 25. d6 Qe6 26. Nxc7 Nxc7 27. dxc7
h5 28. b4 g4 29. Kh1 Kg8 30. b5 Rf7 31. Bf1 Qb6 32. Bc4 Qf2 33. Rf1 Qh4 34.
fxg4 hxg4 35. Rxf4 1-0

[Event "6. ODEM U25 2009"]
[Site "Willingen GER"]
[Date "2009.06.02"]
[Round "5"]
[White "Kabitzke, Julian"]
[Black "Eidner, Falk"]
[Result "1/2-1/2"]
[Termination "normal"]
[Board "12"]
[WhiteElo "1823"]
[BlackElo "2006"]
[PlyCount "76"]
[WhiteFideId "24669547"]
[BlackFideId "24634557"]
[EventCountry "GER"]
[EventRounds "9"]
[EventType "swiss"]
[EventDate "2009.05.30"]

1. Nf3 Nf6 2. d4 e6 3. Bg5 d5 4. c4 Be7 5. Nc3 c6 6. e3 Nbd7 7. Bd3 O-O 8. O-O
dxc4 9. Bxc4 Nd5 10. Bxe7 Qxe7 11. Nxd5 exd5 12. Bd3 Nf6 13. Qc2 Bg4 14. Ne5
Bh5 15. a3 Bg6 16. Nxg6 hxg6 17. b4 a6 18. Rfb1 Ne4 19. Bxe4 Qxe4 20. Qxe4 dxe4
21. a4 Rfd8 22. Ra2 Kf8 23. Rc2 Rd5 24. Rc5 Rad8 25. Rbc1 Ke7 26. Kf1 Ke6 27.
Ke2 Ke7 28. f3 exf3+ 29. Kxf3 R8d6 30. Ke4 Re6+ 31. Kd3 Red6 32. Rf1 Rh5 33. h3
Rhd5 34. Rb1 Ke6 35. Rb2 Ke7 36. Kc4 b6 37. Rxd5 cxd5+ 38. Kd3 Rc6 1/2-1/2

[Event "6. ODEM U25 2009"]
[Site "Willingen GER"]
[Date "2009.06.02"]
[Round "5"]
[White "Becker, Carsten"]
[Black "Hinz, Arne"]
[Result "0-1"]
[Termination "normal"]
[Board "13"]
[WhiteElo "1995"]
[BlackElo "1965"]
[PlyCount "64"]
[WhiteFideId "24646822"]
[BlackFideId "24634875"]
[EventCountry "GER"]
[EventRounds "9"]
[EventType "swiss"]
[EventDate "2009.05.30"]

1. d4 Nf6 2. Bg5 h6 3. Bxf6 exf6 4. e4 d6 5. c3 f5 6. f3 fxe4 7. Qe2 d5 8. Nd2
Bd6 9. fxe4 O-O 10. O-O-O Re8 11. Qf3 Qg5 12. e5 Bg4 13. Qxd5 Bxd1 14. Kxd1 Bf8
15. Qxb7 Nd7 16. Ngf3 Qd8 17. Bc4 Nb6 18. Bb3 a5 19. e6 fxe6 20. Re1 Nd5 21.
Rxe6 Rxe6 22. Bxd5 Raa6 23. Ne5 Rab6 24. Bxe6+ Rxe6 25. Qb3 Qe8 26. Ndf3 Bd6
27. Qd5 Kh8 28. Qxa5 Bxe5 29. Nxe5 Qh5+ 30. g4 Qxh2 31. Qa8+ Kh7 32. Qf8 Rf6
0-1

[Event "6. ODEM U25 2009"]
[Site "Willingen GER"]
[Date "2009.06.02"]
[Round "5"]
[White "Müller, Jan-Hendrik"]
[Black "Ackermann, Johannes"]
[Result "1/2-1/2"]
[Termination "normal"]
[Board "15"]
[WhiteElo "2090"]
[BlackElo "1935"]
[PlyCount "39"]
[WhiteFideId "24615048"]
[BlackFideId "24663875"]
[EventCountry "GER"]
[EventRounds "9"]
[EventType "swiss"]
[EventDate "2009.05.30"]

1. d4 d5 2. Nf3 c5 3. e3 e6 4. b3 Nf6 5. Bd3 Nc6 6. O-O Bd6 7. Bb2 O-O 8. Nbd2
Re8 9. Ne5 Qc7 10. f4 cxd4 11. exd4 Nb4 12. Ndf3 Nxd3 13. Qxd3 b6 14. Rac1 Bb7
15. c4 Qe7 16. Ng5 Rf8 17. f5 h6 18. Nh3 dxc4 19. bxc4 Be4 20. Qe3 1/2-1/2

[Event "6. ODEM U25 2009"]
[Site "Willingen GER"]
[Date "2009.06.02"]
[Round "5"]
[White "Fernschild, Daniel"]
[Black "Mantler, Hendrik"]
[Result "0-1"]
[Termination "normal"]
[Board "16"]
[WhiteElo "1877"]
[BlackElo "2164"]
[PlyCount "48"]
[WhiteFideId "4624513"]
[BlackFideId "4697790"]
[EventCountry "GER"]
[EventRounds "9"]
[EventType "swiss"]
[EventDate "2009.05.30"]

1. d4 Nf6 2. Nf3 d5 3. e3 e6 4. Bd3 c5 5. c3 Bd6 6. Nbd2 Nbd7 7. O-O O-O 8. Qe2
e5 9. e4 Re8 10. Re1 exd4 11. cxd4 cxd4 12. Nxd4 dxe4 13. Nxe4 Nxe4 14. Bxe4
Nf6 15. Bg5 Bxh2+ 16. Kxh2 Qd6+ 17. Kg1 Rxe4 18. Be3 Bd7 19. Qd2 Rae8 20. Nb3
Qc7 21. Rac1 Bc6 22. g3 Qe5 23. Red1 Qh5 24. Rc5 Qh1+ 0-1

[Event "6. ODEM U25 2009"]
[Site "Willingen GER"]
[Date "2009.06.02"]
[Round "5"]
[White "Weißbeck, Simon"]
[Black "Matschewsky, Justus"]
[Result "1-0"]
[Termination "time forfeit"]
[Board "17"]
[WhiteElo "1959"]
[BlackElo "1658"]
[PlyCount "167"]
[WhiteFideId "24646865"]
[BlackFideId "24678708"]
[EventCountry "GER"]
[EventRounds "9"]
[EventType "swiss"]
[EventDate "2009.05.30"]

1. e4 e5 2. Nf3 Nc6 3. Bb5 a6 4. Bxc6 dxc6 5. O-O Bg4 6. h3 h5 7. d3 Qf6 8. Be3
Bxf3 9. Qxf3 Qe6 10. Nc3 O-O-O 11. Rad1 f6 12. d4 Bd6 13. d5 Qd7 14. Qe2 Ne7
15. Qc4 g5 16. dxc6 Nxc6 17. Nd5 Qg7 18. b4 Ne7 19. Bc5 Nxd5 20. Rxd5 Bxc5 21.
Qxc5 Rxd5 22. exd5 Kb8 23. b5 Qf8 24. Qc4 a5 25. Rb1 Qd6 26. Qe4 b6 27. Rb3 Rd8
28. c4 h4 29. Rf3 Rf8 30. g3 hxg3 31. Rxg3 Rh8 32. Qg6 Rf8 33. Rf3 Kb7 34. Qh6
Qe7 35. Qg6 Qd6 36. Qf5 Kb8 37. Qe6 Qd8 38. Qc6 Qd6 39. Kg2 Kc8 40. a3 Kd8 41.
Rc3 Qxc6 42. dxc6 Ke7 43. c5 bxc5 44. Rxc5 Rd8 45. Rc4 Kd6 46. Kf3 f5 47. a4
Kd5 48. Rc2 e4+ 49. Ke2 Ke5 50. f3 exf3+ 51. Kxf3 Rd3+ 52. Kg2 Rd8 53. Kf2 Kf6
54. Rc3 Ke5 55. Ke2 f4 56. Rd3 Rc8 57. Kf3 Rh8 58. Kg2 Ke4 59. Rd7 Rc8 60. Kf2
Ke5 61. Kf3 Kf5 62. Rd5+ Kf6 63. Kg4 Rg8 64. Rd7 Rc8 65. h4 gxh4 66. Kxh4 Kf5
67. Kh3 Ke4 68. Kg2 Ke3 69. Re7+ Kd4 70. Kf3 Kc5 71. Kxf4 Kb6 72. Re4 Rf8+ 73.
Kg5 Rf1 74. Rf4 Rb1 75. Kf5 Re1 76. Re4 Rb1 77. Ke5 Rh1 78. Kd5 Rh5+ 79. Re5
Rh4 80. Re8 Rh5+ 81. Ke6 Rh6+ 82. Kf5 Rh7 83. Ra8 Rh5+ 84. Kg4 1-0

[Event "6. ODEM U25 2009"]
[Site "Willingen GER"]
[Date "2009.06.02"]
[Round "5"]
[White "Werner, Patrick"]
[Black "Ivascu, Cosmin Alexandru"]
[Result "1/2-1/2"]
[Termination "normal"]
[Board "18"]
[WhiteElo "1872"]
[BlackElo "1891"]
[PlyCount "27"]
[WhiteFideId "24601608"]
[BlackFideId "24686034"]
[EventCountry "GER"]
[EventRounds "9"]
[EventType "swiss"]
[EventDate "2009.05.30"]

1. d4 Nf6 2. c4 e6 3. Nc3 Bb4 4. e3 c5 5. Nge2 cxd4 6. exd4 d5 7. a3 Be7 8. Nf4
dxc4 9. Bxc4 Nbd7 10. O-O Nb6 11. Ba2 O-O 12. Be3 Re8 13. Qf3 Nbd7 14. Rac1
1/2-1/2

[Event "6. ODEM U25 2009"]
[Site "Willingen GER"]
[Date "2009.06.02"]
[Round "5"]
[White "Yin, Zixiao"]
[Black "Schmidt, Matthias"]
[Result "1-0"]
[Termination "normal"]
[Board "19"]
[WhiteElo "1932"]
[BlackElo "1803"]
[PlyCount "71"]
[WhiteFideId "24622729"]
[BlackFideId "12900168"]
[EventCountry "GER"]
[EventRounds "9"]
[EventType "swiss"]
[EventDate "2009.05.30"]

1. g3 g6 2. Bg2 Bg7 3. Na3 d5 4. c3 Nf6 5. Nf3 O-O 6. d3 c5 7. O-O Nc6 8. Bg5
h6 9. Bxf6 Bxf6 10. Nd2 e5 11. Qb3 Ne7 12. c4 d4 13. Ne4 Nf5 14. Nxc5 Be7 15.
Nxb7 Bxb7 16. Qxb7 Rb8 17. Qxa7 Rxb2 18. Nb5 Rxe2 19. Rfe1 Rxe1+ 20. Rxe1 f6
21. Bd5+ Kh8 22. a4 h5 23. Rb1 h4 24. a5 hxg3 25. hxg3 Kh7 26. Nc7 Qd6 27. Ne6
Rh8 28. g4 e4 29. gxf5 exd3 30. Kg2 gxf5 31. Rh1+ Kg6 32. Rxh8 d2 33. Nf8+ Bxf8
34. Qh7+ Kg5 35. Qh4+ Kg6 36. Qh5+ 1-0

[Event "6. ODEM U25 2009"]
[Site "Willingen GER"]
[Date "2009.06.02"]
[Round "5"]
[White "Hirschberg, Leander"]
[Black "Ohnesorg, Felix"]
[Result "1/2-1/2"]
[Termination "normal"]
[Board "21"]
[WhiteElo "1671"]
[BlackElo "1822"]
[PlyCount "60"]
[WhiteFideId "24652130"]
[BlackFideId "24653578"]
[EventCountry "GER"]
[EventRounds "9"]
[EventType "swiss"]
[EventDate "2009.05.30"]

1. e4 e5 2. Nf3 Nc6 3. d4 exd4 4. Bc4 Nf6 5. O-O Nxe4 6. Re1 d5 7. Bxd5 Qxd5 8.
Nc3 Qh5 9. Nxe4 Be6 10. Bg5 Bd6 11. h3 h6 12. Nxd6+ cxd6 13. Bf4 Qc5 14. a3 a5
15. Qd2 O-O 16. Rad1 Rfd8 17. Nxd4 Nxd4 18. Qxd4 Qxc2 19. Qb6 Qc5 20. Rxd6 Qxb6
21. Rxb6 Bd5 22. Rc1 a4 23. h4 Rac8 24. Rxc8 Rxc8 25. Rd6 Bc6 26. Be3 Re8 27.
g3 Re4 28. Rd1 Re5 29. Rb1 f5 30. Kf1 Kf7 1/2-1/2

[Event "6. ODEM U25 2009"]
[Site "Willingen GER"]
[Date "2009.06.02"]
[Round "5"]
[White "Neitzel, Mirko"]
[Black "Gefnider, Andreas"]
[Result "0-1"]
[Termination "normal"]
[Board "22"]
[WhiteElo "1810"]
[BlackElo "1653"]
[PlyCount "190"]
[WhiteFideId "24657298"]
[BlackFideId "12900176"]
[EventCountry "GER"]
[EventRounds "9"]
[EventType "swiss"]
[EventDate "2009.05.30"]

1. e4 e5 2. Nf3 Nc6 3. Bc4 d6 4. d4 Bg4 5. d5 Nd4 6. Be2 Nxe2 7. Qxe2 Qd7 8.
O-O Ne7 9. h3 Bh5 10. c4 f5 11. Nbd2 fxe4 12. Nxe4 Bxf3 13. Qxf3 Nf5 14. Be3
Be7 15. Qh5+ g6 16. Qe2 O-O 17. Qd2 Rf7 18. Rac1 b6 19. b4 c5 20. dxc6 Qxc6 21.
Ng5 Bxg5 22. Bxg5 Nd4 23. Be3 Nf5 24. a3 Raf8 25. Qd3 e4 26. Qd2 b5 27. cxb5
Qxb5 28. Qc3 Ng3 29. Rfe1 Ne2+ 30. Rxe2 Qxe2 31. Qd4 Qa6 32. Bh6 Re8 33. Qd5
Qxa3 34. g3 Qxb4 35. Bd2 Qb6 36. Be3 Qb7 37. Qxd6 Qd7 38. Qb4 Qxh3 39. Qb3 Qe6
40. Qb5 Rf5 41. Qa4 Rd8 42. Qxa7 Rfd5 43. Rc7 R5d7 44. Rxd7 Rxd7 45. Qb8+ Kf7
46. Bh6 Qd6 47. Qb3+ Qd5 48. Qxd5+ Rxd5 49. Be3 Kf6 50. Kg2 Kf5 51. Kh3 h5 52.
Kh4 Rd1 53. Kh3 g5 54. Bb6 g4+ 55. Kg2 Rd3 56. Be3 Ke5 57. Kf1 Rd1+ 58. Ke2 Rh1
59. Bg5 Kd4 60. Bf6+ Kc4 61. Kd2 Rh2 62. Ke2 Kb3 63. Bd4 Kc2 64. Bf6 Rh1 65.
Bg5 Rd1 66. Bf4 Rd3 67. Bg5 Rf3 68. Bh6 Kc3 69. Bg5 Kd4 70. Bh6 Rf7 71. Be3+
Ke5 72. Bg5 Ra7 73. Bh6 Ra2+ 74. Ke3 Kf5 75. Bf8 Ra8 76. Bc5 Re8 77. Ke2 Kg5
78. Be3+ Kg6 79. Bc5 Kf6 80. Bd4+ Kf5 81. Bc5 Rd8 82. Be7 Rd7 83. Bc5 Rh7 84.
Bb6 h4 85. gxh4 Rxh4 86. Bc7 Rh7 87. Bd6 Rh6 88. Bc7 Re6 89. Bb8 Kg5 90. Ke3
Kh4 91. Bf4 Rf6 92. Kxe4 Kh3 93. Ke5 Rf8 94. Ke4 Kg2 95. Bg3 Rxf2 0-1

[Event "6. ODEM U25 2009"]
[Site "Willingen GER"]
[Date "2009.06.02"]
[Round "5"]
[White "Schneider, Johannes"]
[Black "Lebeda, Timo"]
[Result "1-0"]
[Termination "normal"]
[Board "23"]
[WhiteElo "1775"]
[BlackElo "1942"]
[PlyCount "111"]
[WhiteFideId "24687260"]
[BlackFideId "4638565"]
[EventCountry "GER"]
[EventRounds "9"]
[EventType "swiss"]
[EventDate "2009.05.30"]

1. d4 d5 2. c4 c6 3. Nc3 Nf6 4. Nf3 a6 5. a4 g6 6. Bg5 Bg7 7. e3 O-O 8. Bd3
Nbd7 9. O-O c5 10. Bxf6 Nxf6 11. dxc5 dxc4 12. Bxc4 Qc7 13. b4 Bf5 14. Qb3 e6
15. Rac1 Rfc8 16. Be2 Qe7 17. Nd4 Be4 18. Nxe4 Nxe4 19. Rfd1 a5 20. f3 Nf6 21.
Bb5 axb4 22. c6 bxc6 23. Nxc6 Qc7 24. Nxb4 Qxc1 25. Rxc1 Rxc1+ 26. Kf2 Rc3 27.
Qd1 Bh6 28. e4 Be3+ 29. Ke2 Rac8 30. Nc6 Kg7 31. Qa1 Rc1 32. Qa3 Bf4 33. g3 Bh6
34. a5 R8xc6 35. Bxc6 Rxc6 36. a6 Nd7 37. Qa4 Rc7 38. a7 Nb6 39. Qd4+ Kg8 40.
Qxb6 Rc2+ 41. Kd3 Rd2+ 42. Kc3 Ra2 43. Qb8+ Bf8 44. a8=Q Rxa8 45. Qxa8 Kg7 46.
g4 Bd6 47. h3 Bg3 48. Kc4 Bd6 49. Kb5 Be7 50. Kc6 Bb4 51. Qb7 Bf8 52. Kd7 Kg8
53. Ke8 Kh8 54. Kxf8 h5 55. Qxf7 hxg4 56. Qg7# 1-0